000 00813cab a22002055a 4500
001 E148094
008 090723e20090606stko f 000 0 eng d
035 _a(Sirsi) u148094
041 0 _aeng
100 1 _aJanik, Anna
245 0 0 _aCorporate vehicle
260 _c2009
490 _aEstates Gazette
_v(0922) 6 June 2009, 112-113(2)
520 _aDiscusses recent and forthcoming changes resulting from the implementation of the Companies Act 2006, which will be fully in force by October 2009. Issues discussed include financial assistance; reorganisations and deeds; deeds and administration; director's duties; and memoranda and articles of association.
590 _aKA
650 2 4 _aCOMPANIES ACT 2006
651 4 _aEngland and Wales
_y1543-
690 _aMANAGEMENT-BUSINESS MANAGEMENT
942 _n0
999 _c81727
_d81727